000 00586nam a2200193 i 4500
001 149293
003 ES-MaACL
005 20230906203029.0
007 t|
008 071019s1964 sp ||||1| spa d
100 1 _aVann, Gerald.
_9113074
245 1 1 _a¿Pan o piedras? /
_cGerald Vann, P. K. Meagher ; [traducción del inglés por Enrique de Obregón].
250 _a[1ª ed.].
260 _aBarcelona :
_bPlaneta,
_c1964.
300 _a234 p. ;
_c21 cm.
700 1 _aMeagher, Paul K.
_979631
700 1 _aObregón, Enrique de.
_986425
852 _aES-MaACL
_jC-27264
_bR.56320
999 _c149293
_d149293